Odpisovanie hmotného a nehmotného majetku v obchodnej firme diplomová práca

Saved in:
Bibliographic Details
Main Author: Bindicsová, Barbara
Corporate Author: Obchodná fakulta EU. Katedra obchodného práva
Other Authors: Kropaj, Marián, 1983-
Format: Book
Language:Slovak
Published: Bratislava 2016
Tags: Add Tag
No Tags, Be the first to tag this record!

MARC

LEADER 00000nbm a2200000 4500
001 0216611
005 20161205130447.3
041 0 |a slo 
044 |a SK 
245 1 0 |a Odpisovanie hmotného a nehmotného majetku v obchodnej firme  |b diplomová práca  |c Barbara Bindicsová ; školiteľ: Marián Kropaj 
264 1 |a Bratislava  |c 2016 
300 |a 69 s. 
100 1 |a Bindicsová, Barbara 
700 1 |a Kropaj, Marián, 1983- 
710 2 |a Obchodná fakulta EU. Katedra obchodného práva